| 000 | 00752nam a2200229 a 4500 | ||
|---|---|---|---|
| 001 | 73032 | ||
| 003 | BD-RjUL | ||
| 005 | 20211209082336.0 | ||
| 008 | 170527s1950 enka b 001 0 eng d | ||
| 035 | _a(BD-RjUL)73250 | ||
| 040 |
_aBD-RjUL _beng _cBD-RjUL _dBD-RjUL |
||
| 041 | _aeng | ||
| 082 |
_223 _a579.593 _bAIB 1950 |
||
| 100 | 1 |
_aAinsworth, G. C. _q(Geoffrey Clough), _d1905-1998. _9216002 |
|
| 245 | 1 | 4 |
_aThe British smut fungi (Ustilaginales) / _cby G.C. Ainsworth and Kathleen Sampson |
| 260 |
_aKew : _bCommonwealth Mycological Institute, _c1950 |
||
| 300 |
_a137 p. : _bill. ; _c26 cm |
||
| 504 | _aIncludes index and bibliography | ||
| 650 | 0 |
_aSmut fungi (Ustilaginales) _9216003 |
|
| 700 | 1 |
_aSampson, Kathleen. _9216004 |
|
| 942 |
_2ddc _cBK |
||
| 999 |
_c73032 _d73032 |
||